000 00546nam a22001457a 4500
003 MACL
005 20200722145729.0
008 200722b xxu||||| |||| 00| 0 eng d
040 _cMACL
100 _aमोहन,सुमित
_979163
245 _aक्रान्तिकारी साहित्‍यकार सुभद्राकुमारी चौहान
260 _aमथुरा
_bहिन्‍दी पुस्‍तक संस्‍थान
_c2016
650 _aरचनावली
_9163
942 _2ddc
_cHIN
999 _c62762
_d62762